Statistiques concernant Musique des années 40/50 100 questions progressives

Cliquez ici pour prendre le quiz!

Statistiques générales

  • Ce quiz a été pris 10 fois
  • Le résultat moyen est 38 sur 100

Statistiques - réponses

%QuestionRéponse% Correct
3Georges Brassens chante "Chanson pour l'..." en 1954Auvergnat
89%
1Qui chante "Rock around the clock" en 1954 ? (prénom et nom)Bill Haley
89%
2En 1946, Edith Piaf chante "La vie en..."rose
89%
4Mouloudji chante en 1954 "Un jour...tu verras
78%
13En 1946, Charles Trenet la voit danser le long des golfes clairsLa mer
67%
24Le 24 mai de cette année se déroule le 1er concours Eurovision1956
56%
45Buddy Holly, The Big Bopper et Ritchie Valens meurent dans un accident d'avion le 3 février...1959
56%
291er succès pour Line Renaud en 1949 avec "Ma cabane..."au Canada
56%
26Qui chante "Peggy Sue" en 1957 ? (prénom et nom)Buddy Holly
56%
28En 1945, Luis Mariano chante la belle de...Cadix
56%
47Johnny B. Goode est en 1958 un succès de... (prénom et nom)Chuck Berry
56%
49Qui chante la rue de notre amour en 1941 ?Damia
56%
30Le plus célèbre des guitaristes de jazz manouche français meurt en 1953. Son nom ? (prénom et nom)Django Reinhardt
56%
21Qui chante "On m'appelle Simplet" en 1942 ?Fernandel
56%
27Qui chante "Be Bop a Lula" en 1956 ? (prénom et nom)Gene Vincent
56%
23Ce futur "grand" de la chanson débute en 1952 dans le cabaret de Patachou. L'histoire ne dit pas s'il y avait un Auvergnat dans la salle. (prénom et nom)Georges Brassens
56%
43Quel animal chante Georges Brassens en 1952 ? Le...gorille
56%
44Qui chante "Les lavandières du Portugal" en 1955 ? (prénom et nom)Jacqueline François
56%
48Ce chanteur belge débute en 1953 à Paris (prénom et nom)Jacques Brel
56%
12Cette grande meneuse de revue franco-américaine fait ses adieux à la scène en 1956 ? (prénom et nom)Joséphine Baker
56%
15Jacques Brel connait le succès avec "Quand on n'a que...l'amour
56%
46En 1943, Edith Piaf chante "De l'autre côté de..."la rue
56%
31Qui crée en 1946 "Voulez-vous danser grand-mère ?" reprise plus tard par Chantal Goya ? (prénom et nom)Lina Margy
56%
14Qui crée "Mon amant de St Jean" en 1942 ? (prénom et nom)Lucienne Delyle
56%
50En 1950, Edith Piaf enregistre l'Hymne à l'amour en hommage à l'homme qu'elle a aimé qui se nommait... (prénom et nom)Marcel Cerdan
56%
22Cette grande amie de Maurice Chevalier, meneuse de revue meurt en 1956 à BougivalMistinguett
56%
5Quelle voie chante Charles Trenet en 1955 ?Nationale 7
56%
25Que chasse Georges Brassens en 1953 ? Des...papillons
56%
32En 1947, Suzy Delair chante "Avec son..."tralala
56%
6Qui remporte l'Eurovision pour la France en 1958 avec "Dors mon amour" (prénom et nom)André Claveau
44%
52En 1949, Ray Venture chante "A la mi-(...)"août
44%
53Jerry Lee Lewis chante en 1957 "Great..."balls of fire
44%
9Où se bécottent les amoureux de Brassens en 1953 ? Sur les...bancs publics
44%
18Ce chant de partisans italiens à l'auteur inconnu aurait été composé en 1943Bella Ciao
44%
38Créatrice des "Roses blanches", elle meurt en 1941 dans la pauvreté (prénom et nom)Berthe Sylva
44%
8En 1947, Bourvil vante ce moyen de transport écolo dans A...bicyclette
44%
37Comment est le Paris de Léo Ferré en 1953 ?Canaille
44%
7Quel jour Juliette Gréco déclare haïr en 1952 ?Dimanche
44%
35Composée en 1943, cette ode à la France est enregistrée en 1947 par Charles TrenetDouce France
44%
54Véritable star du Café-concert de la Belle époque, créateur de "La Mattchiche" et des "Mains de femme", il meurt en 1941Félix Mayol
44%
56Qui chante "Night and Day" en 1942 ? (prénom et nom)Frank Sinatra
44%
41Cette chanteuse réaliste, interprète notamment de "La môme caoutchouc" disparait en 1951Fréhel
44%
11En 1955, Little Richard enregistre "Tutti..;"Frutti
44%
51Dans cette chanson de 1943, la phrase "J'ai pas tué, j'ai pas volé" revient plusieurs fois dans la bouche dugalérien
44%
19En 1951, Yves Montand aime se promener sur les...Grands boulevards
44%
33A qui appartiennent les sabots chantés par Georges Brassens en 1954 ?Hélène
44%
10Sur des paroles de Boris Vian, Mouloudji chante cette chanson interdite dès sa sortie en 1954Le Déserteur
44%
16Qui chante l'un des grands succès de l'Occupation, "Je suis seule ce soir" ? (prénom et nom)Léo Marjane
44%
42Qui chante Diana en 1957 ? (prénom et nom)Paul Anka
44%
17Tino Rossi enregistre ce chant de Noël en 1946Petit Papa Noël
44%
40Charles Trenet chante en 1951, L'âme des...poètes
44%
39Qui fait un tube avec "The Great Pretender" en 1956 ?The Platters
44%
20En 1946, Edith Piaf et les Compagnons de la chanson chantent "Les...trois cloches
44%
34Qu'est le coeur de Lucienne Boyer en 1945 ? Un...violon
44%
36Comment est l'eau de Guy Béart en 1959 ?Vive
44%
57Ce créateur de Quand Madelon, homonyme d'un compositeur classique meurt en 1953...Bach
33%
60Nat King Cole fait un tube en 1948 avec "Nature..."boy
33%
75Qui chante "Padam, Padam" en 1951 ? (prénom et nom)Edith Piaf
33%
59Maurice Chevalier et Jacques Hélian chantent en 1945 ce qui devient l'hymne de la Libération, la chanson...Fleur de Paris
33%
58Qui chante en 1944 "On m'appelle Robin des Bois" ? (prénom et nom)Georges Guétary
33%
55Il chante Donna, sa girl-friend, l'année même de sa mort, à 17 ans, en 1959 (prénom et nom)Ritchie Valens
33%
69L'amour et la jalousie Ne sont pas des jeux d'enfant Et tu as toute la vie Pour souffrir comme les grands
sont des paroles d'une chanson de Dalida. Laquelle ?
Bambino
22%
83Yves Montand contribue à populariser cette chanson en 1948. "C'est si..."bon
22%
76Qui connait le succès avec "Blue Suede shoes" en 1956 ? (prénom et nom)Carl Perkins
22%
62Qui veut "Revoir Paris" en 1947 ? (prénom et nom)Charles Trenet
22%
61Que vend la pauvrette évoquée par Bourvil en 1945 ? Des...crayons
22%
67Quel héros américain célèbre Annie Cordy en 1956 dans une ballade ? (prénom et nom)Davy Crockett
22%
82A la Libération, les Français découvrent cet hymne de la Résistance, le chant...des partisans
22%
78En 1954, Edith Piaf chante La (...) du pauvre JeanGoualante
22%
80Où voit-on des canards parlant anglais selon Trenet en 1957 ? Dans le...jardin extraordinaire
22%
66Quelle chanson de Piaf se termine par "Arrêtez ! Arrêtez la musique !"L'accordéoniste
22%
64Dans la rue de Charles Trenet en 1942, il y a deux boutiques, l'une débite de l'eau et l'autre dulait
22%
81En 1954, Yves Montand, Mouloudji ou encore Francis Lemarque chantent "Mon pote..."le gitan
22%
84Si toi aussi tu m'abandonnes est la chanson thème d'un célèbre film, lequel ?Le train sifflera trois fois
22%
65En 1945, Yves Montand quitte son usine de Puteaux pour aller àLuna Park
22%
68Sous le régime de Vichy, on encourage le travail. Maurice Chevalier vante cette profession du bâtiment en 1941Maçon
22%
90Qui chante en 1956 "Fais-moi mal Johnny" ? (prénom et nom)Magali Noël
22%
63En 1951, Luis Mariano chante dans une opérette de Francis Lopez une chanson qui demeure difficile à chanter pour qui s'y frotte.Mexico
22%
91Jacques Pills remporte le concours Eurovision 1959 avec Mon ami Pierrot mais pour quel pays ?Monaco
22%
87Qui chante en 1950 "Too young" ? (prénom et nom)Nat King Cole
22%
79Le 11 septembre 1959, Jacques Brel enregistre cette bouleversante chanson d'amourNe me quitte pas
22%
92Quel tube des Platters est un succès en France en 1957 ?Only you
22%
93En 1950, Maurice Chevalier triomphe avec "Ma...pomme
22%
89Comment se nomme cet hôtel que personne ne souhaite connaitre chanté par Marie Bizet en 1941. L'hôtel des...Trois canards | 3 canards
22%
88Qui chante Good rockin' tonight en 1948, énorme succès aux Etats-UnisWynonie Harris
22%
77Qui interprète en 1950 "Les feuilles mortes" dans le film "Les portes de la nuit" ? (prénom et nom)Yves Montand
22%
74Chanson déconseillée par la ligue contre l'alcoolisme chantée par Lina Margy en 1944Ah le petit vin blanc
11%
71Comment se nomme le boxeur chanté par Montand en 1946 ?Battling Joe
11%
86En 1950, Henri Salvador chante "Le loup, la biche et le chevalier" mieux connue sous le titre d'uneChanson douce
11%
85En 1957, Léo Ferré consacre tout un album à un poète du XIXe siècle, lequel ? (prénom et nom)Charles Baudelaire
11%
99Qui remporte le concours Eurovision 1956 pour la Suisse avec Refrain ? (prénom et nom)Lys Assia
11%
73Elvis Presley enregistre son 1er disque pour 4 dollars à (...) dans le TennesseeMemphis
11%
95Maurice Chevalier chante en 1942 une marche hommage à ce quartier de Paris...Ménilmontant
11%
70Sur quoi pleure André Claveau en 1943... Sur tes...pas
11%
72En 1952, Line Renaud chante "Ma..."petite folie
11%
97En 1945, qui habite une cabane couronnée par les massifs des Pyrénées selon André Dassary ?Ramuntcho
11%
94A quelle profession Léo Ferré consacre une chanson en 1954 ?Scaphandrier
11%
96Lucienne Delyle chante en 1956 "Amour, Castagnettes et..."tango
11%
100Elyane Celis demande à ce qu'on le baisse "un peu" en 1944l'abat-jour
0%
98Ce Marseillais, grand compositeur de chansons et d'opérettes meurt en 1952 (prénom et nom)Vincent Scotto
0%

Distribution des résultats

Percentile par nombre de réponses

% des personnes avec chaque résultat

Votre développement - résultats

Vous n’avez pas pris ce quiz